Modern retro interiors

Bibliographic Details
Other Authors: Santos Quartino, Daniela (Editor)
Format: Book
Language:English
Italian
French
German
Dutch
Spanish
PhysicalDescription:383 s. fareb. fotogr. 28x28 cm
Published: [Bratislava Slovart 2010]
ISBN:9788055600192
Edition:[1. vyd.]
Subjects:

MARC

LEADER 00000nam a2200000 a 4500
001 vtls010206800
003 SK-MaSNL
005 20260331210029.0
008 180216s2010 xo o g 000 0 eng
015 |a SNBA2011/06-03101 
020 |a 9788055600192  |q (brož.) 
035 |a AE3933D1-78CD-4CDE-B89C-3D93E943F9D0 
035 |a urn:nbn:sk:snk-amyg7j 
035 |a urn:nbn:sk:snk-am00clkm 
040 |a SNK  |b slo  |c SNK  |e AACR2 
041 1 |a eng  |a ita  |a fre  |a ger  |a dut  |a spa  |h spa 
044 |a xo  |c SK 
072 7 |a 643  |x Byt. Miestnosti. Vybavenie bytu  |2 konspekt 
080 |a 643:72.012.8  |2 2001 
080 |a 643/645:72.012.8  |2 2001 
080 |a (084.12)  |2 2001 
100 1 |a Santos Quartino, Daniela  |4 edt  |9 481460 
245 1 0 |a Modern retro interiors  |c Daniela Santos Quartino 
246 1 1 |a Moderne retro- interieurs 
246 1 1 |a Interiores modernos retro 
250 |a [1. vyd.] 
260 |a [Bratislava  |b Slovart  |c 2010] 
300 |a 383 s.  |b fareb. fotogr.  |c 28x28 cm 
500 |a Miesto vydania podľa ISBN 
500 |a Zozn. 
546 |a Súbež text tal., franc., nem., hol., špan. 
650 0 7 |a bytové interiéry  |2 SNKPH  |9 2954 
650 0 7 |a bytová architektúra  |2 SNKPH  |9 3740 
655 7 |a fotografické publikácie  |2 SNKPH  |9 70483 
919 |a 978-80-556-0019-2 
958 |a OP 
968 |b ESP  |d 64 
999 |c 834921  |d 836851 
952 |a SNK  |b SNK  |y PREZ  |7 0  |p 17A0687093  |o snkSB 80813  |i snk2011/2036  |8 0  |0 0  |1 0  |4 0  |d 2011-01-27  |f 1  |l 0  |r 2025-05-05 00:00:00  |w 2026-02-24 
952 |a SNK  |b SNK  |y VYP  |7 0  |p 17A0687092  |o snkSB 80813 D1  |i snk2011/2037  |8 0  |0 0  |1 0  |4 0  |d 2011-01-27  |l 0  |r 2016-06-30 00:00:00  |w 2026-02-24